00475nam a22001577a 4500003000400000082001800004100001900022245004300041260004400084300000700128650002400135653002400159942001200183952010500195999001700300SGT a617.645bA21G aGupta, Snigdha aAnticipatory guidance in prevention... aGurugram, HaryanabSGT Universityc2021 a74 aPediatric Dentistry aPediatric Dentistry 2ddccTH 00102ddc405171aFDbFDd2022-12-23l0o617.645 A21GpDT1418r2022-12-23 00:00:00w2022-12-23yTH c23639d23639